07166nam a22015497a 4500003000900000005001700009008004100026020001800067040002300085041000800108044000700116110011400123245009400237246006100331260005700392300002800449505001100477505002000488505003000508505003100538505003200569505002200601505006000623505001500683505002500698505003100723505004200754505004100796505003200837505002400869505004000893505003100933505003200964505003400996505003501030505003901065505005301104505001701157505002901174505002701203505001901230505001901249505003401268505003501302505002501337505005101362505002601413505005001439505004501489505004301534505010801577505003901685505003701724505003301761505001601794505001601810505001901826505001701845505001901862505002501881505004101906505001701947505004001964505003202004505003402036505002902070505003002099505003302129505001702162505008202179505002502261505003402286505031102320505003902631505003402670505002302704505002702727505005702754505002002811505001902831505002302850505002502873505002202898505002102920505002502941505002102966505002502987505002503012505002003037505002403057505005803081505004803139505005003187505004103237505002703278505003003305505005203335505003003387505005703417505002703474505007403501505004003575505003403615505002503649505002603674505002403700505002603724505002603750505003603776505004103812505009103853505002903944505004403973505041104017505003304428505003204461505003804493505006804531505009904599520061004698650003205308650002505340650001305365650002005378651004505398908000805443942001305451945001505464980004705479999001705526952007305543AR-RoUNA20250606121237.0250326b |||||||| |||| 00| 0 spa d a987-95087-7-7 aAR-RoUNAdAR-RoUNA aspa aag2 aUniversidad Nacional de La Plata. Facultad de Ciencias Agrarias y Forestales.b Fundación Biosfera. 926996 aPlaneamiento paisajista y medio ambiente. bCurso de Perfeccionamiento de Nivel Superior. aSistemas: Aprendizaje Autónomo a Distancia. Módulo 8 aLa Plata (Argentina) :bFundación Biosfera,c1995. a189 p.bdib.c21x25 cm.0 tINDICE0 tARBOLADO URBANO0 aMotivos del arbolado. p.70 aFunciones del árbol. p.70 aElección de especies. p.80 aPlantación. p.90 aCaracterísticas de las plantas y su plantación. p.90 aPoda. p.100 aErradicación. p.110 aArboles para veredas. p.120 aArboles para avenidas y ramblas. p.120 aArbustos en el arbolado urbano. p.130 tARBOLADO EN RUTAS Y CAMINOS0 aGeneralidades. p.170 aFunción de las plantaciones. p.190 aApertura de la traza. p.190 aRecorrido de la traza. p.200 aÁreas de plantación. p.200 aDensidad de plantación. p.200 aOrdenamiento de las especies. p.210 aElección de especies y características. p.220 aCurvas. p.220 aRectas prolongadas. p.220 aAccesos y cruces. p.230 aRotondas. p.230 aNeblinas. p.230 aCiudades con autopistas. p.240 aBosquecillos de descanso. p.240 aMantenimientos. p.250 tPARQUES PRIVADOS - ESTRUCTURACION Y PROPOSITOS0 aParque privados. p.310 aCuando el predio es alargado y estrecho. p.320 aCuando el terreno es poco profundo. p.320 tCASCOS AGROPECUARIOS - CARACTERISTICAS0 tBASES Y NORMAS PARA LA CONSTRUCCION DE CANCHAS DEPORTIVAS. CARACTERISTICAS DE LOS PISOS. CAMPOS DE GOLF0 tA- Pisos naturales. Césped. p.460 aCampos de alta complejidad. p.460 aFactores de influencia. p.460 aClima. p.460 aSuelo. p.470 aDrenajes. p.480 aRiesgo. p.490 aCésped. p.490 aCampos de golf. p.540 aCampos de pollo e hipódromos. p.630 aTennis. p.630 aCampos de mediana complejidad. p.630 aCampos de uso general. p.630 tB- Canchas artificiales. p.640 aMateriales porosos. p.640 aTierra estabilizada. p.640 aSintéticos y resinas. p.650 aMadera. p.650 tPLANIFICACION Y ORGANIZACION DE LAS OBRAS PAISAJISTAS. ACTUACION PROFESIONAL 0 aIntroducción. p.690 aDesempeño profesional. p.700 aEstudios y trabajos en que interviene: Profesión liberal. p.70 En relación de dependencia. p.70 Ministerios. Universidad. Organismos descentralizados. Municipios. Empresas. Privadas. 0 aVariedad de obras y estudios. p.710 aOrganización de obras. p.730 aOrdenamiento. p.740 tPLAGAS Y ENFERMEDADES 0 aSomera clasificación de agentes zoológicos. p.790 aNematodos. p.800 aÁcaros. p.820 aHemípteros. p.840 aTisanópteros. p.850 aOrtopteros. p.86 0 aHomopteros. p.880 aLepidópteros. p.930 aDípteros. p.960 aHimenópteros. p.980 aColeópteros. p.1000 aMoluscos. p.1020 aCrustáceos. p.1020 aCatálogos de plagas en especies ornamentales. p.1030 aEnfermedades en plantas ornamentales. p.1100 tMALEZAS Y PLANTAS TOXICAS. TERAPEUTICA BASICA0 aLas malezas en los céspedes. p.1230 aMalezas comunes. p.1230 aMalezas argentinas. p.1230 aMalezas en céspedes deportivos y puros. p.1290 aControl de malezas. p.1300 aDaños más visibles provocados por malezas. p.1300 aAlgunas malezas. p.1310 aAlgunas semillas de malezas que pueden aparecer en las mezclas. p.1370 aPantas tóxicas para ganado. p.1400 aTerapéutica básica. p.1430 tPRACTICAS DE VIVIERO0 aIntroducción. p.1510 aAlmacigueras. p.1520 aInvernáculos. p.1520 aSombránculos. p.1530 aPropagación de plantas. p.1530 aMultiplicación por renuevos. p.1630 tNOCIONES GENERALES DE DERECHO. LESGILACIÓN PROTECTORA DEL PAISAJE Y ESPACIOS VERDES 0 aI- Introducción. p.1570 aII-Nociones generales de derecho. p.1700 a 1- La norma jurídica. p.170 2- Estructura de la norma jurídica. p.171 3- La estructura jerárquica. p.173 4- Interpretación de las normas. p.175 5- Estructura jerárquica en el orden internacional. p.1770 aIII- Aspectos legales. p.1790 aIV- Leyes de trabajo. p.1810 aV- Contratos -Subcontratos. p.1830 aVI- Reglamentación de la carrera profesional y ética. p.1880 aVII- Leyes de protección de los elementos naturales, el paisaje y los espacios verdes. p.189 aEsta publicación forma parte de los ocho módulos que componen el Curso de Perfeccionamiento Paisajista y Medio Ambiente, con la modalidad de tecnología Educativa y Estrategia Didáctica por Recursos Multimediales y Aprendizajes Autónomo a Distancia. Organizado por la Facultad de ciencias Agrarias y Forestales de la Universidad Nacional de La Plata y la Fundación Biosfera, dirigido por el profesor Ing. Agrónomo Ernesto P. Belli. Objetivos: 1.Caracterización del Paisaje urbano a través del arbolado de calles y avenidas. 2. Detalles urbanos condicionantes de la elección de especies. aPlanificación del paisaje aDiseño del paisaje aEcologia aEspacios verdes 0aLa Plata (Buenos Aires, Argentina)93182 aImp 2udccLIB d2025-03-26 65aMaría Machado83gGermán Grimolizzi c11876d11876 00102udc4070aCEAHbCEAHd2025-03-26l0pCEAH-00146tej. 1yLIBx